000 09025cam a2201813 a 4500
999 _c56384
001 16507571
003 LIBRIS
005 20210309085643.0
008 140508s2014 sw ||||g||||||000 0aswe|c
020 _a9789173375375
_qinb.
035 _a(BOKR)9789173375375
040 _aBOKR
_dTkb
_dS
_ea
041 _aswe
082 0 4 _a782.421649092
_223/swe
084 _aIjz Glasgow, Ison
_2kssb/8
100 1 _aGlasgow, Ison,
_d1980-
_0https://libris.kb.se/42gksn7n1wprv8d#it
245 1 0 _aNär jag inte hade nåt /
_cIson Glasgow och Emil Arvidson.
264 1 _aStockholm :
_bBromberg,
_c2014
264 3 _aFinland
300 _a244 s.
_bill.
_c21 cm
500 _5Li
_aPliktex.
600 1 4 _aGlasgow, Ison,
_d1980-
_0https://libris.kb.se/42gksn7n1wprv8d#it
650 7 _aRappare
_0https://id.kb.se/term/sao/Rappare
_2sao
650 7 _aHiphop
_0https://id.kb.se/term/sao/Hiphop
_2sao
650 0 _aRap musicians
650 0 _aHip-hop
651 4 _aSverige
_0https://libris.kb.se/97mppvdt327j8rx#it
653 _aGlasgow, Ison
653 _aBiografier
653 _aHiphop
653 _aHemlösa
653 _aFattigdom
653 _aSverige
655 7 _aBiografi
_0https://id.kb.se/term/saogf/Biografi
_2saogf
951 s _6651
_aKonungariket Sverige
700 1 _aArvidson, Emil,
_d1978-
_0https://libris.kb.se/31fjrm6m15fr8xt#it
887 _a{"@id":"1kcldq3c03hgcxp","modified":"2016-04-04T10:46:03+02:00","checksum":"70939582320"}
_2librisxl
887 _a{"@id":"tz63vh403x69202","modified":"2016-01-25T13:03:08+01:00","checksum":"80290899481"}
_2librisxl
887 _a{"@id":"37f49ft842z5kpz","modified":"2014-07-15T13:30:35+02:00","checksum":"79136101219"}
_2librisxl
887 _a{"@id":"v6kdlftjsm5p6gzw","modified":"2020-06-11T10:32:34.604+02:00","checksum":"78306860110"}
_2librisxl
887 _a{"@id":"mrzn0pxs4j3msmv","modified":"2014-08-11T15:38:26+02:00","checksum":"81703340260"}
_2librisxl
887 _a{"@id":"15c14qh650z5j7x","modified":"2014-11-03T16:13:30+01:00","checksum":"82726206487"}
_2librisxl
887 _a{"@id":"sx4t0qkz1wcsrd3","modified":"2014-07-17T16:36:38+02:00","checksum":"82241587949"}
_2librisxl
887 _a{"@id":"26d341473q00jqm","modified":"2014-10-09T09:40:30+02:00","checksum":"129519191678"}
_2librisxl
887 _a{"@id":"2dzt982b0kz2m4q0","modified":"2020-08-02T21:20:08.105+02:00","checksum":"82569357476"}
_2librisxl
887 _a{"@id":"6bj7bbxc0g2j05b","modified":"2016-02-15T16:06:09+01:00","checksum":"94497719499"}
_2librisxl
887 _a{"@id":"9fmchjjg0x9zmds","modified":"2018-07-23T16:34:45.47+02:00","checksum":"80644840906"}
_2librisxl
887 _a{"@id":"8dlbws5f075sqqj","modified":"2014-11-17T15:50:23+01:00","checksum":"140225355358"}
_2librisxl
887 _a{"@id":"48g5zr494gvvwj5","modified":"2015-05-05T08:13:02+02:00","checksum":"84262122025"}
_2librisxl
887 _a{"@id":"6bj8dhgc0t708xl","modified":"2014-10-24T16:13:13+02:00","checksum":"84734275571"}
_2librisxl
887 _a{"@id":"48hcm7991wbw3mj","modified":"2016-03-14T12:16:13+01:00","checksum":"92102260789"}
_2librisxl
887 _a{"@id":"48g5jd7905qz2bp","modified":"2015-08-11T14:04:01+02:00","checksum":"91954193599"}
_2librisxl
887 _a{"@id":"x28z12b32sfc3j1","modified":"2014-10-15T13:14:20+02:00","checksum":"134257668067"}
_2librisxl
887 _a{"@id":"26d4nkc71dgtpwf","modified":"2014-11-13T10:47:18+01:00","checksum":"81678182278"}
_2librisxl
887 _a{"@id":"sx4v2zbz0qd921q","modified":"2014-10-30T13:46:03+01:00","checksum":"120742764247"}
_2librisxl
887 _a{"@id":"lqzr9qvr4v8sf8v","modified":"2018-02-28T16:15:56+01:00","checksum":"82212571856"}
_2librisxl
887 _a{"@id":"7ck8cj6d05xpgff","modified":"2018-01-08T12:53:41+01:00","checksum":"119133619672"}
_2librisxl
887 _a{"@id":"rw3st5sx1q7dp57","modified":"2014-10-07T15:18:33+02:00","checksum":"86222643452"}
_2librisxl
887 _a{"@id":"7ck72hqd0lq438p","modified":"2016-01-30T08:26:50+01:00","checksum":"75699054881"}
_2librisxl
887 _a{"@id":"w17x6cn23qnb13n","modified":"2014-10-22T18:43:30+02:00","checksum":"79948075642"}
_2librisxl
887 _a{"@id":"mr031kps1hbtjg7","modified":"2016-10-31T16:09:43+01:00","checksum":"97500232265"}
_2librisxl
887 _a{"@id":"w186gvk21hmms3j","modified":"2016-02-08T14:17:26+01:00","checksum":"88293390668"}
_2librisxl
887 _a{"@id":"w17x11d24bcwbq2","modified":"2014-10-17T15:22:48+02:00","checksum":"114921711793"}
_2librisxl
887 _a{"@id":"8dl9bcff3fkf5fx","modified":"2014-10-09T13:55:48+02:00","checksum":"93194742135"}
_2librisxl
887 _a{"@id":"chpdpbbj0d1j30w","modified":"2014-07-30T15:41:42+02:00","checksum":"88228802986"}
_2librisxl
887 _a{"@id":"15dh22963vcpc03","modified":"2016-12-02T16:18:07+01:00","checksum":"97149319313"}
_2librisxl
887 _a{"@id":"48g5jn292ftfm53","modified":"2014-08-15T13:48:59+02:00","checksum":"85481025072"}
_2librisxl
887 _a{"@id":"sx4twncz2b0t9pv","modified":"2014-10-14T14:11:58+02:00","checksum":"85165469263"}
_2librisxl
887 _a{"@id":"15c2c3q60gpxr8r","modified":"2014-09-22T18:44:49+02:00","checksum":"96264546154"}
_2librisxl
887 _a{"@id":"qv2sxbsw3h4mc16","modified":"2014-10-27T12:56:59+01:00","checksum":"117920828745"}
_2librisxl
887 _a{"@id":"9fmb00vg1nf65lp","modified":"2014-10-22T16:19:31+02:00","checksum":"76513903504"}
_2librisxl
887 _a{"@id":"04b1w6050mzpv4p","modified":"2016-03-03T17:49:30+01:00","checksum":"86371423605"}
_2librisxl
887 _a{"@id":"ns0q7pbt1lg09hq","modified":"2014-11-12T14:16:18+01:00","checksum":"89915697066"}
_2librisxl
900 1 s _6700
_d1978-
_uArvidson, Emil,
_d1978-
942 _2z
_cBOOK